Der Kreis Kreuzburg nach dem "registrum Wratislawiense" und dem Anhang 9 des "liber fundationis"
| Titel: | Der Kreis Kreuzburg nach dem "registrum Wratislawiense" und dem Anhang 9 des "liber fundationis" |
|---|---|
| Verfasser: | |
| In: |
Verein für Geschichte Schlesiens: Zeitschrift des Vereins für Geschichte Schlesiens, Band 74 (1940), Seite 118-125 alle Artikel anzeigen |
| Veröffentlicht: | 1940 |
| Format: | Aufsatz |
| Sprache: | Deutsch |
X
alg: 39182820 001A $01999:11-11-16 001B $03025:10-08-23 $t14:05:50.000 001C $06050:19-11-16 $t08:45:23.000 001D $01999:11-11-16 001U $0utf8 001X $00 002@ $0Aox 003@ $0391828207 007A $0391828207 $aHEB 007T $0Herda03545 010@ $ager 011@ $a1940 021A $aDer @Kreis Kreuzburg nach dem "registrum Wratislawiense" und dem Anhang 9 des "liber fundationis" 028A $BVerfasser $#Eistert, Carolus $#Eistert, Carl $4aut $7125202903 $8Eistert, Karl$Z1884-1963 [Tp3] $9155778064 031A $d74 $h118-125 $j1940 039B $aIn $8--Abvc--Verein für Geschichte Schlesiens [Tb1]. Zeitschrift des Vereins für Geschichte Schlesiens. - Breslau : Trewendt & Garnier, 1906-1943 $x194000000740000882 $9047252138 045F $a307.09438 $eDDC23BSB 045F/01 $a307.09 045F/03 $g438 045F/03 $g4385 045T $a9,10 lok: 39182820 78 exp: 39182820 78 1 #EPN 201B/01 $006-11-18 $t22:48:26.000 201U/01 $0utf8 203@/01 $0787923370 208@/01 $a11-11-16 $be 209A/01 $a/ $f000 $x00 220C/01 $aTitelaufnehmer: cs 244Z/01 $2Trx $#Silesia $#Śląsk $#Sliezsko $#Slezsko $8--Trx--Schlesien $x01 $9391173987 244Z/01 $2Trx $#Poola $#Lenkija $#Polija $#Polen Land $#Poland $#Lengyelország $#Poľsko $#Polsko $8--Trx--Polska$gkraj $x02 $9391345966 244Z/01 $#Kreuzburg Oberschlesien, Kreis $#Kreis Creutzburg Oberschlesien $#Creutzburger Kreis $#Powiat kluczborski $#Kluczbork powiat $74235829-2 $8--Tg1--Kreis Kreuzburg$gOberschlesien $x03 $9086233653 244Z/01 $aGeschichte 1280-1450 $x04 244Z/01 $2Trx $#külad $#kaimai $#villages $#falvak $#wsie $#dediny $#vesnice $8--Trx--Dörfer $x05 $9391374176 244Z/01 $2Trx $#maaomand $#žemės nuosavybė $#real estate $#földtulajdon $#własność ziemska $#pozemkový majetok $#statky majetek pozemkový $8--Trx--Grundbesitz $x06 $9391370464 244Z/01 $2Trx $#kirik, Rooma-Katoliku $#bažnyčia, Romos katalikų $#Church, Roman-Catholic $#Római katolikus templom $#kościół rzymskokatolicki $#cirkev rímsko-katolícka $#církev římsko-katolická $8--Trx--Kirche, römisch-katholische $x07 $9391382845 244Z/01 $2Trx $8--Trx--Zeitschriftenaufsatz $x08 $9391384341 245Z/01 $a13.02 $x01 245Z/01 $a09.02 $x02 247C/01 $82080>Marburg/Lahn, Herder-Institut, Forschungsbibliothek, Bibliographieportal $9336309341
| LEADER | 00000caa a22000002c 4500 | ||
|---|---|---|---|
| 001 | 391828207 | ||
| 003 | DE-603 | ||
| 005 | 20230810140550.0 | ||
| 007 | tu | ||
| 008 | 161111s1940 xx |||| | u00||u|ger c | ||
| 035 | |a (DE-599)HEB391828207 | ||
| 040 | |a DE-603 |b ger |c DE-603 |d DE-603 | ||
| 041 | |a ger | ||
| 082 | 0 | 4 | |8 1\u |a 307.09438 |q DE-101 |2 23/BSB |
| 084 | |a 9,10 |2 ssgn | ||
| 085 | |8 1\u |b 307.09 | ||
| 085 | |8 1\u |z 2 |s 438 | ||
| 085 | |8 1\u |z 2 |s 4385 | ||
| 100 | 1 | |a Eistert, Karl |d 1884-1963 |e Verfasser |4 aut |0 (DE-603)155778064 |0 (DE-588)125202903 |2 gnd | |
| 245 | 0 | 0 | |a Der Kreis Kreuzburg nach dem "registrum Wratislawiense" und dem Anhang 9 des "liber fundationis" |
| 264 | 0 | |c 1940 | |
| 773 | 0 | 8 | |i In |a Verein für Geschichte Schlesiens |t Zeitschrift des Vereins für Geschichte Schlesiens |d Breslau : Trewendt & Garnier, 1906-1943 |g Band 74 (1940), Seite 118-125 |w (DE-603)047252138 |w (DE-600)200433-1 |
| 924 | 0 | |9 2080 |a (DE-603)787923370 |b DE-2080 |c HES |d d |g / | |


